| 000 | 00928nam a2200325 a 4500 | ||
|---|---|---|---|
| 001 | 22400 | ||
| 003 | SK-KTurca | ||
| 005 | 20260327151227.0 | ||
| 008 | 240315s1992 xo 0 slo | ||
| 015 | _aSNBA1992/09 | ||
| 020 | _a8022102172 | ||
| 035 | _aSNK000011910 | ||
| 040 |
_aSNK _bslo _cSNK _eAACR2 |
||
| 041 | 1 |
_aslo _hfre |
|
| 044 |
_axo _cSK |
||
| 080 |
_a840-3 _21981 |
||
| 100 | 1 |
_aAyoun, Monique _4aut |
|
| 245 | 1 | 0 |
_aPlť túžby _cMonique Ayoun ; Zora Sadloňová, Ľubica Štuková |
| 250 | _a1. vyd. | ||
| 260 |
_aBratislava _bSmena _c1992 _eTrnava _fPolygrafické závody |
||
| 300 |
_a165 s., 8,55 AH _c20 cm |
||
| 490 | 0 | _aRuža | |
| 500 | _a2. zv. | ||
| 655 | 7 |
_aerotické romány _2SNKPH |
|
| 655 | 7 |
_afrancúzske romány _2SNKPH |
|
| 700 | 1 |
_aSadloňová, Zora, _d1954- _4trl |
|
| 700 | 1 |
_aŠtuková, Ľubica _4gup |
|
| 942 |
_2ddc _cKLDO _n0 |
||
| 999 |
_c22400 _d22400 |
||